El país de los ciegos / (Registro nro. 30067)

Detalles MARC
000 -LEADER
fixed length control field 00320nam a22001337a 4500
003 - CONTROL NUMBER IDENTIFIER
control field OSt
005 - DATE AND TIME OF LATEST TRANSACTION
control field 20230731193819.0
008 - FIXED-LENGTH DATA ELEMENTS--GENERAL INFORMATION
fixed length control field 230727b |||||||| |||| 00| 0 eng d
040 ## - CATALOGING SOURCE
Transcribing agency CO-JMCR
082 04 - DEWEY DECIMAL CLASSIFICATION NUMBER
Classification number C
Item number WELp1
100 10 - MAIN ENTRY--PERSONAL NAME
Personal name Well, H.G,
Relator term autor
9 (RLIN) 42784
245 ## - TITLE STATEMENT
Title El país de los ciegos /
Statement of responsibility, etc. H.G Wells
942 ## - ADDED ENTRY ELEMENTS (KOHA)
Source of classification or shelving scheme Dewey Decimal Classification
Koha item type Books
Existencias
Withdrawn status Lost status Source of classification or shelving scheme Damaged status Not for loan Collection code Home library Current library Date acquired Total Checkouts Full call number Barcode Date last seen Copy number Price effective from Koha item type
    Dewey Decimal Classification     Fiction Biblioteca Pública José María del Castillo y Rada Biblioteca Pública José María del Castillo y Rada 07/27/2023   C WELp1 35714005500426 07/27/2023 Ej.1 07/27/2023 Books